New introductory lectures on psycho-analysis / (Record no. 29221)
[ view plain ]
| 000 -LEADER | |
|---|---|
| fixed length control field | 00957nam a2200265 a 4500 |
| 001 - CONTROL NUMBER | |
| control field | 29221 |
| 003 - CONTROL NUMBER IDENTIFIER | |
| rucl marc code | BD-RjUL |
| 005 - DATE AND TIME OF LATEST TRANSACTION | |
| control field | 20211209051403.0 |
| 008 - FIXED-LENGTH DATA ELEMENTS--GENERAL INFORMATION | |
| fixed length control field | 140402r19491933enk 001 0 eng d |
| 035 ## - SYSTEM CONTROL NUMBER | |
| System control number | CURL 05UE00032885(Lon) from ahc231 |
| -- | (BD-RjUL)29306 |
| 040 ## - CATALOGING SOURCE | |
| Original cataloging agency | BD-RjUL |
| Language of cataloging | eng |
| Transcribing agency | BD-RjUL |
| Modifying agency | BD-RjUL |
| 041 1# - LANGUAGE CODE | |
| Language code of text/sound track or separate title | eng |
| Language code of original | ger |
| 082 ## - DEWEY DECIMAL CLASSIFICATION NUMBER | |
| Author mark and year | FRN 1949 |
| Classification number | 131.34 |
| 100 1# - MAIN ENTRY--PERSONAL NAME | |
| Personal name | Freud, Sigmund, |
| Dates associated with a name | 1856-1939. |
| 9 (RLIN) | 89195 |
| 245 10 - TITLE STATEMENT | |
| Title | New introductory lectures on psycho-analysis / |
| Statement of responsibility, etc. | Sigmund Freud ; translated by W. J. H. Sprott |
| 260 ## - PUBLICATION, DISTRIBUTION, ETC. (IMPRINT) | |
| Place of publication, distribution, etc. | London : |
| Name of publisher, distributor, etc. | Hogarth Press, |
| Date of publication, distribution, etc. | 1933 [Impression 1949] |
| 300 ## - PHYSICAL DESCRIPTION | |
| Pagination | xiii, 239 p. ; |
| Size | 23 cm |
| 504 ## - BIBLIOGRAPHY, ETC. NOTE | |
| Bibliography, etc | Includes index. |
| 650 #0 - SUBJECT ADDED ENTRY--TOPICAL TERM | |
| Topical term or geographic name as entry element | Psychoanalysis |
| 9 (RLIN) | 89196 |
| 700 1# - ADDED ENTRY--PERSONAL NAME | |
| Personal name | Sprott, W. J. H. |
| Fuller form of name | (Walter John Herbert), |
| Dates associated with a name | 1897-1971 |
| 830 #0 - SERIES ADDED ENTRY--UNIFORM TITLE | |
| Volume number/sequential designation | no. 24 |
| 830 #0 - SERIES ADDED ENTRY--UNIFORM TITLE | |
| Uniform title | International psycho-analytical library ; |
| 942 ## - ADDED ENTRY ELEMENTS (KOHA) | |
| Source of classification or shelving scheme | Dewey Decimal Classification |
| Koha item type | Books |
| Lost status | Source of classification or shelving scheme | Damaged status | Not for loan | Collection code | Permanent Location | Current Location | Shelving location | Date acquired | Source of acquisition | Cost, normal purchase price | Total Checkouts | Full call number | Date last seen | Copy number | Koha item type |
|---|---|---|---|---|---|---|---|---|---|---|---|---|---|---|---|
| Dewey Decimal Classification | Non-fiction | Central Library, University of Rajshahi | Central Library, University of Rajshahi | 06/04/1956 | A.B.C | 10.00 | 131.34 FRN 1949 | 02/04/2014 | C-2 | Books |